| 000 | 03702cam a2200445 i 4500 | ||
|---|---|---|---|
| 999 |
_c65731 _d65731 |
||
| 001 | 768714001 | ||
| 003 | CO-MdFUSB | ||
| 005 | 20200420160734.0 | ||
| 007 | ta | ||
| 008 | 920221s1992 maua b 001 0 eng | ||
| 010 | _a 92008923 | ||
| 020 |
_a0674643631 _q(acid-free paper) |
||
| 020 |
_a9780674643635 _q(acid-free paper) |
||
| 040 |
_aDLC _beng _cCO-MdFUSB _dUKM _dCO-MdFUSB _dUBA _dMUQ _dNLGGC _dBAKER _dBTCTA _dYDXCP _dAU@ _dUBC _dHEBIS _dZ@L _dPBE _dBDX _dGBVCP _dOCLCF _dP4I _dIQU _dDEBBG _dEUW _dKFH _dITIRS _dOCLCO _dXFF _dOCLCO _dOCLCQ _dEEIDE _dOCLCO _dNJR _dOCLCA _dOCLCQ _dOCLCO _erda |
||
| 041 | 1 |
_aeng _hger |
|
| 082 |
_223 _a306.40938 _bB959 |
||
| 100 | 1 |
_aBurkert, Walter, _d1931-2015. _eautor |
|
| 240 | 1 | 0 | _aOrientalisierende Epoche in der griechischen Religion und Literatur. |
| 245 | 1 | 4 |
_aThe orientalizing revolution : _bNear Eastern influence on Greek culture in the early archaic age / _cWalter Burkert ; traducido por Walter Burkert and Margaret E. Pinder. |
| 250 | _aTercera impresión | ||
| 264 | 1 |
_aCambridge, Mass. : _bUniversity Press of America, _c[1992] |
|
| 264 | 4 | _c© 1992 | |
| 300 |
_a225 páginas : _bilustraciones ; _c22 cm. |
||
| 336 |
_atexto _btxt _2rdacontent. |
||
| 337 |
_asin mediación _bn _2rdamedia. |
||
| 338 |
_avolumen _bnc _2rdacarrier. |
||
| 490 | 1 | _aRevealing antiquity ; | |
| 504 | _aIncluye referencias bibliográficas (páginas 135-152) | ||
| 505 | _a "Quiénes son los trabajadores públicos": los artesanos migrantes. Antecedentes históricos ; Productos orientales en Grecia; Escritura y literatura en el siglo VIII; El problema de las palabras prestadas - "Un vidente o un sanador": magia y medicina. "Artesanos de lo sagrado": movilidad y estructura familiar; Hepatoscopia; Depósitos de la fundación; Purificación; Espíritus de los muertos y la magia negra; Sacrificio sustituto; Asclepio y Asgelatas; Adivinación extática; Lamashtu, Lamia y Gorgo - "O también un cantante piadoso": literatura acadia y griega temprana. Del atrahasis al "engaño de Zeus"; Queja en el cielo: Ishtar y Afrodita; La tierra superpoblada; Siete contra Tebas; Estilo y postura comunes en la épica oriental y griega; Fábulas; Magia y cosmogonía. | ||
| 520 | _aLa cultura rica y espléndida de los antiguos griegos a menudo se ha descrito como emergente como un milagro de un genio propio, que no debe prácticamente nada a sus vecinos. Walter Burkert ofrece un argumento decisivo contra esa visión distorsionada, reemplazándola con una imagen equilibrada del período arcaico "en el cual, bajo la influencia del Oriente semítico, la cultura griega comenzó su florecimiento único, que pronto asumirá la hegemonía cultural en el Mediterráneo". Burkert se centra en el siglo "orientalizante" 750-650 a. C., el período de la conquista asiria, el comercio fenicio y la exploración griega de Oriente y Occidente, cuando no solo se transmitieron a Grecia habilidades e imágenes orientales, sino también el arte semítico de la escritura. Él rastrea a los artesanos migrantes que trajeron a los griegos nuevas técnicas y diseños, los videntes y curanderos errantes que enseñan magia y medicina, y los importantes préstamos griegos de la poesía y el mito del Cercano Oriente. Basándose ampliamente en evidencia arqueológica, textual e histórica, demuestra que los modelos orientales afectaron significativamente la literatura y la religión griegas en la era homérica. | ||
| 563 | _aRústico | ||
| 650 | 0 |
_aSociología de la cultura _95 |
|
| 830 | 0 |
_aRevealing antiquity ; _v5. |
|
| 942 | _cBK | ||
| 945 | _aJTF-925 | ||